000 nam a22 7a 4500
999 _c10681
_d10681
008 180220b ||||| |||| 00| 0 eng d
100 _aPrabhakar,A.
_94519
245 _aAre You green Environmental Studies-IV
260 _aNew Delhi
_bPinnacle India
_c2013